Micro, pequeñas y medianas empresas en América Latina /
Este artículo presenta las características y situación de las microempresas, pequeñas empresas y medianas empresas en varios países de América Latina. Incialmente, recoge las definiciones más habituales en estos países y establece una cuantificación de tales definiciones en cada uno de ellos, así co...
Shranjeno v:
| Glavni avtor: | |
|---|---|
| Format: | Texto |
| Teme: | |
| Oznake: |
Označite
Brez oznak, prvi označite!
|
MARC
| LEADER | 00000 a a2200000 04500 | ||
|---|---|---|---|
| 001 | 15965 | ||
| 003 | |||
| 040 | |||
| 100 | |a Zevallos V., Emilio | ||
| 245 | |a Micro, pequeñas y medianas empresas en América Latina / |c Emilio Zevallos V. | ||
| 520 | |a Este artículo presenta las características y situación de las microempresas, pequeñas empresas y medianas empresas en varios países de América Latina. Incialmente, recoge las definiciones más habituales en estos países y establece una cuantificación de tales definiciones en cada uno de ellos, así como su distribución sectorial y regional. Luego analiza las condicones del entorno que influyen en la conducta de las empresas, sus problemas y la respuesta pública | ||
| 650 | |a PEQUEÑAS EMPRESAS | ||
| 650 | |a EMPRESAS MEDIANAS | ||
| 650 | |a CONDICIONES ECONOMICAS | ||
| 650 | |a ESTRATEGIA DEL DESARROLLO | ||
| 650 | |a PROYECTOS DE DESARROLLO | ||
| 650 | |a EMPRESAS | ||
| 650 | |a CRECIMIENTO ECONOMICO | ||
| 773 | |g número 79; páginas 53-70 | ||
| 999 | |c 22455 |d 22455 | ||
